Statistics for Именитые физики и их открытия

Click here to take the quiz!

General Stats

  • This quiz has been taken 3 times
  • The average score is 1 of 16

Answer Stats

УчёныйЕго открытия% Correct
Эрнест РезерфордПланетарная модель атома
67%
Анри БеккерельОткрытие радиоактивности
33%
Иоганн КеплерЗаконы движения небесных тел Солнечной системы
0%
Исаак НьютонЗаконы движения в механике / законы оптики / физика жидкостей / основы математической физики
0%
Николай КоперникГелиоцентрическая система вращения планет Солнечной системы
0%
Генри КавендишВведение в математический закон притяжения двух тел гравитационной постоянной
0%
Альберт ЭйнштейнИсследования характера движения частиц света / Общая теория относительности
0%
Алан ГутТеория инфляционного разбегания галактик вследствие расширения материи вселенной
0%
Стивен ВайнбергИсследования в области электрослабых элементарных взаимодействий
0%
Ричард ФейнманСистема описания преобразований элементарных частиц при их взаимодействии друг с другом
0%
Вернер ГейзенбергПринцип неопределённости при исследовании элементарных частиц
0%
Пьер КюриИсследования в области радиоактивности
0%
Мария Склодовская-КюриИсследования в области радиоактивности
0%
Поль ДиракГипотеза о существовании античастиц / Статистика проводимости в металлах
0%
Энрико ФермиСтатистика проводимости в металлах
0%
Уильям ТомсонАбсолютная шкала температур
0%

Score Distribution

Percentile by Number Answered

Percent of People with Each Score

Your Score History

You have not taken this quiz